[Event "POL-chT Academic"]
[Site "Chorzow"]
[Date "2021.05.15"]
[Round "2.13"]
[White "Siwek, Mateusz"]
[Black "Janik, Igor"]
[Result "1/2-1/2"]
[WhiteElo "1831"]
[BlackElo "2495"]
[PlyCount "43"]
[EventDate "2021.05.15"]
[EventType "team-swiss (rapid)"]
[EventRounds "9"]
[EventCountry "POL"]
[SourceTitle "CBM 202 Extra"]
[Source "ChessBase"]
[SourceDate "2021.07.31"]
[SourceVersion "1"]
[SourceVersionDate "2021.07.31"]
[SourceQuality "1"]
[WhiteTeam "Krakow Jagiellonski Medicum"]
[BlackTeam "Warsaw Kozminski Academy"]
[WhiteTeamCountry "POL"]
[BlackTeamCountry "POL"]

1. c4 a6 2. Nc3 c6 3. e4 b5 4. cxb5 axb5 5. d4 d6 6. Be3 Nf6 7. Bd3 e5 8. a3 Be7 9. d5 Bd7 10. dxc6 Bxc6 11. Bxb5 Bxb5 12. Nxb5 Qa5+ 13. Nc3 Nxe4 14. Nge2 Nf6 15. b4 Qd8 16. Nd5 Nbd7 17. Nec3 0-0 18. 0-0 Nxd5 19. Nxd5 f5 20. f4 e4 21. a4 Bf6 22. Bd4 1/2-1/2